Statistics for Country Trivia

Click here to take the quiz!

General Stats

  • This quiz has been taken 35 times
  • The average score is 9 of 21

Answer Stats

TriviaCountry% Correct
Which country owns North Island and South Island?New Zealand
73%
Which country has the shortest coastline?Monaco
67%
Which country has two partially recognized states named Abkhazia and South Ossetia?Georgia
60%
What country is the poorest in Europe?Moldova
57%
Which country contains both 'Q' and 'Z'?Mozambique
50%
What country has land in all four hemispheres?Kiribati
47%
Which two countries are the only landlocked countries in their continent?Bolivia
43%
Which country is the only one with borders in its continent?Papua New Guinea
43%
Which country has Latin ATMs?Vatican City
43%
Which countries used to be North and South? *Vietnam
43%
Which countries that start with 'A' but do not end with 'A'?Afghanistan
40%
Which countries that start with 'A' but do not end with 'A'?Azerbaijan
40%
Which countries were part of the United Arab Republic?Egypt
40%
Which two countries are the only landlocked countries in their continent?Paraguay
40%
Which countries used to be North and South? *Yemen
40%
What country is the richest in Africa?Seychelles
30%
Which countries were part of the United Arab Republic?Syria
23%
Which country has punctuation in its name?Guinea-Bissau
20%
Which country gets 1/12 of their income from their website domain?Tuvalu
20%
What country has no official capital?
Nauru
17%
Which country has 16 official languages?Zimbabwe
17%

Score Distribution

Percentile by Number Answered

Percent of People with Each Score

Your Score History

You have not taken this quiz